书目信息 |
| 题名: |
风筝竞赛规则与裁判法
|
|
| 作者: | ;中国风筝协会 审定 | |
| 分册: | ||
| 出版信息: | 北京 人民体育出版社 2002.06 |
|
| 页数: | 89页 | |
| 开本: | 20cm | |
| 丛书名: | ||
| 单 册: | ||
| 中图分类: | G898.14 | |
| 科图分类: | ||
| 主题词: | 风筝--feng zheng--竞赛规则--裁判法 | |
| 电子资源: | ||
| ISBN: | 7-5009-2300-7 | |
| 000 | 00793nam0 2200217 450 | |
| 001 | 012007360515 | |
| 005 | 20071010094920.70 | |
| 010 | @a7-5009-2300-7@dCNY7.00 | |
| 100 | @a20070525d2002 km y0chiy0120 ea | |
| 101 | 0 | @achi |
| 102 | @aCN@b110000 | |
| 105 | @ay z 000yy | |
| 200 | 1 | @a风筝竞赛规则与裁判法@Afeng zheng jing sai gui ze yu cai pan fa@f中国风筝协会审定@Fzhong guo feng zheng xie hui shen ding |
| 210 | @a北京@c人民体育出版社@d2002.06 | |
| 215 | @a89页@d20cm | |
| 330 | @a本书规则中明确了参赛运动员必须遵守的各项规则及裁判工作者必须执行的各项职责。并附有场地示意图及有关图表。 | |
| 606 | 0 | @a风筝@Afeng zheng@x竞赛规则@x裁判法 |
| 690 | @aG898.14@v4 | |
| 711 | 02 | @a中国风筝协会@Azhong guo feng zheng xie hui shen ding@4审定 |
| 801 | 0 | @aCN@c20071010 |
| 905 | @dG898.14@eZ562 | |
| 风筝竞赛规则与裁判法/中国风筝协会审定.-北京:人民体育出版社,2002.06 |
| 89页;20cm |
| ISBN 7-5009-2300-7:CNY7.00 |
| 本书规则中明确了参赛运动员必须遵守的各项规则及裁判工作者必须执行的各项职责。并附有场地示意图及有关图表。 |
| ● |
| 相关链接 |
|
|
|
正题名:风筝竞赛规则与裁判法
索取号:G898.14/Z562
 
预约/预借
| 序号 | 登录号 | 条形码 | 馆藏地/架位号 | 状态 | 备注 |
| 1 | 243047 | 202430477 | 社科库409/409社科库 29排4列4层/ [索取号:G898.14/Z562] | 在馆 |